[Event "Helsingor Xtracon op"]
[Site "Helsingor"]
[Date "2018.07.22"]
[Round "2"]
[White "Nordin, Eric"]
[Black "Lalla, Karol"]
[Result "1-0"]
[WhiteElo "1872"]
[BlackElo "1580"]
[PlyCount "43"]
[EventDate "2018.07.21"]
[EventType "swiss"]
[EventRounds "10"]
[EventCountry "DEN"]
[SourceTitle "CBM 185 Extra"]
[Source "ChessBase"]
[SourceDate "2018.07.29"]
[SourceVersion "1"]
[SourceVersionDate "2018.07.29"]
[SourceQuality "1"]

1. g3 f5 2. Nf3 Nf6 3. Bg2 e6 4. 0-0 d5 5. c4 c6 6. cxd5 exd5 7. d4 Bd6 8. Nc3 Nbd7 9. Bg5 Qc7 10. Rc1 a6 11. Nh4 g6 12. Nxd5 Qd8 13. Nc3 0-0 14. e4 fxe4 15. Nxe4 Be7 16. Bh6 Rf7 17. Ng5 Rf8 18. Qb3+ Kh8 19. Ne6 Qa5 20. Nxf8 Nxf8 21. Qf7 Ne6 22. Qxe7 1-0

[Event "Helsingor Xtracon op"]
[Site "Helsingor"]
[Date "2018.07.22"]
[Round "3"]
[White "Petersen, Steen Brustrup"]
[Black "Nordin, Eric"]
[Result "1-0"]
[WhiteElo "2111"]
[BlackElo "1872"]
[PlyCount "105"]
[EventDate "2018.07.21"]
[EventType "swiss"]
[EventRounds "10"]
[EventCountry "DEN"]
[SourceTitle "CBM 185 Extra"]
[Source "ChessBase"]
[SourceDate "2018.07.29"]
[SourceVersion "1"]
[SourceVersionDate "2018.07.29"]
[SourceQuality "1"]

1. c4 c5 2. g3 g6 3. Bg2 Nc6 4. Nc3 Bg7 5. Nf3 Nf6 6. d4 cxd4 7. Nxd4 0-0 8. 0-0 Qb6 9. Nc2 d6 10. Rb1 Bd7 11. Nd5 Nxd5 12. cxd5 Ne5 13. h3 Rac8 14. b3 Bb5 15. a4 Be8 16. Be3 Qc7 17. Na3 b6 18. f4 Nd7 19. Nb5 Qb7 20. Nd4 Nf6 21. Nc2 Bd7 22. g4 Rfd8 23. Nb4 Rc7 24. Bd4 Qc8 25. e4 a5 26. Nd3 Nxg4 27. Bxb6 Rc2 28. Rc1 Rxc1 29. Qxc1 Qxc1 30. Nxc1 Rb8 31. Bxa5 Ne3 32. Rf3 Nxg2 33. Kxg2 Rc8 34. Nd3 Bd4 35. Be1 Rc2+ 36. Bf2 Rd2 37. Kg3 Bxf2+ 38. Nxf2 f5 39. Rd3 Rb2 40. e5 dxe5 41. fxe5 e6 42. d6 g5 43. Rc3 Kf7 44. Nd3 Re2 45. Kf3 Rh2 46. Nf2 f4 47. a5 h5 48. Rc7 Ke8 49. a6 g4+ 50. hxg4 hxg4+ 51. Nxg4 Rh3+ 52. Kxf4 Rxb3 53. Nf6+ 1-0

[Event "Helsingor Xtracon op"]
[Site "Helsingor"]
[Date "2017.07.29"]
[Round "9"]
[White "Ukkelberg, Oyvind"]
[Black "Nordin, Eric"]
[Result "1/2-1/2"]
[WhiteElo "1933"]
[BlackElo "1781"]
[PlyCount "116"]
[EventDate "2017.07.22"]
[EventType "swiss"]
[EventRounds "10"]
[EventCountry "DEN"]
[SourceTitle "CBM 179 Extra"]
[Source "ChessBase"]
[SourceDate "2017.08.23"]
[SourceVersion "1"]
[SourceVersionDate "2017.08.23"]
[SourceQuality "1"]

1. g3 d5 2. Bg2 Nf6 3. d3 Nc6 4. c3 e5 5. Qc2 Be7 6. Nd2 Bg4 7. h3 Bf5 8. e4 dxe4 9. dxe4 Be6 10. Ne2 Qd6 11. Nf1 Rd8 12. Ne3 0-0 13. 0-0 Qd3 14. Qxd3 Rxd3 15. g4 h6 16. Ng3 Rfd8 17. Re1 Bf8 18. Kh2 Ne7 19. c4 c6 20. b3 Ng6 21. Bf1 R3d7 22. Bb2 Bc5 23. Rad1 Nh4 24. Be2 Bxe3 25. fxe3 Ng6 26. Rxd7 Rxd7 27. Rd1 c5 28. Rxd7 Nxd7 29. Nf5 Bxf5 30. exf5 Ne7 31. Bf3 Nc6 32. Bc3 Kf8 33. Kg3 Ke7 34. h4 f6 35. Bd5 Kd6 36. Kf3 b6 37. Bxc6 Kxc6 38. Ke4 Kd6 39. a3 Kc6 40. g5 hxg5 41. hxg5 Kd6 42. g6 a6 43. a4 a5 44. Be1 Nf8 45. Bg3 Nd7 46. Bh4 Kc6 47. Bxf6 Nxf6+ 48. Kxe5 Kd7 49. e4 Ke7 50. Kf4 Nh5+ 51. Kg5 Ng3 52. e5 Ne4+ 53. Kf4 Nd2 54. Kg5 Ne4+ 55. Kf4 Nd2 56. Kg5 Ne4+ 57. Kf4 Nd2 58. Kg5 Ne4+ 1/2-1/2

[Event "Helsingor Xtracon op"]
[Site "Helsingor"]
[Date "2017.07.23"]
[Round "3"]
[White "Jensen, Morten Frank"]
[Black "Nordin, Eric"]
[Result "1/2-1/2"]
[WhiteElo "2063"]
[BlackElo "1781"]
[PlyCount "47"]
[EventDate "2017.07.22"]
[EventType "swiss"]
[EventRounds "10"]
[EventCountry "DEN"]
[SourceTitle "CBM 179 Extra"]
[Source "ChessBase"]
[SourceDate "2017.08.23"]
[SourceVersion "1"]
[SourceVersionDate "2017.08.23"]
[SourceQuality "1"]

1. e4 d6 2. f4 g6 3. Nf3 Bg7 4. c3 c5 5. Na3 Nc6 6. d3 Nf6 7. Be2 0-0 8. 0-0 a6 9. Qe1 Bg4 10. h3 Bxf3 11. Bxf3 e6 12. g4 d5 13. e5 Nd7 14. Nc2 Qb6 15. Kh1 g5 16. b4 gxf4 17. bxc5 Nxc5 18. Ba3 Nxd3 19. Qd2 Ncxe5 20. Bxf8 Rxf8 21. Be2 Nf2+ 22. Kg2 f3+ 23. Bxf3 Nxf3 24. Qxf2 1/2-1/2

[Event "Helsingor Xtracon op"]
[Site "Helsingor"]
[Date "2016.07.23"]
[Round "1"]
[White "Nordin, Eric"]
[Black "Buchal, Stephan"]
[Result "0-1"]
[WhiteElo "1832"]
[BlackElo "2338"]
[PlyCount "80"]
[EventDate "2016.07.23"]
[EventType "swiss"]
[EventRounds "10"]
[EventCountry "DEN"]
[SourceTitle "CBM 173 Extra"]
[Source "ChessBase"]
[SourceDate "2016.08.29"]
[SourceVersion "1"]
[SourceVersionDate "2016.08.29"]
[SourceQuality "1"]

1. e4 g6 2. d4 Bg7 3. Nc3 d6 4. Nf3 a6 5. Be3 b5 6. a3 Bb7 7. Be2 Nd7 8. Qd2 Rc8 9. Rd1 c5 10. 0-0 cxd4 11. Bxd4 Ngf6 12. e5 dxe5 13. Nxe5 Nxe5 14. Bxe5 Qxd2 15. Rxd2 0-0 16. Bf3 Bxf3 17. gxf3 Rfd8 18. Rfd1 Rxd2 19. Rxd2 Kf8 20. Kf1 Ke8 21. Ke2 Bh6 22. Rd1 Nd7 23. Bd4 Rc6 24. Kd3 e5 25. Be3 Bg7 26. f4 f5 27. Kd2 exf4 28. Bxf4 Bxc3+ 29. bxc3 Nb6 30. Re1+ Kf7 31. Bg5 Re6 32. Rxe6 Kxe6 33. Kd3 Kd5 34. f4 Nc4 35. Be7 Nb2+ 36. Ke2 Ke4 37. Bd6 Nc4 38. Bc7 Nxa3 39. Kd2 Nb1+ 40. Kc1 Nxc3 0-1

[Event "Politiken Cup 37th"]
[Site "Helsingor"]
[Date "2015.07.27"]
[Round "4"]
[White "Nordin, Eric"]
[Black "Jarve, Edvin"]
[Result "1-0"]
[WhiteElo "1899"]
[BlackElo "1637"]
[PlyCount "49"]
[EventDate "2015.07.25"]
[EventType "swiss"]
[EventRounds "10"]
[EventCountry "DEN"]
[SourceTitle "CBM 167 Extra"]
[Source "ChessBase"]
[SourceDate "2015.09.14"]
[SourceVersion "1"]
[SourceVersionDate "2015.09.14"]
[SourceQuality "1"]

1. e4 e6 2. d4 d5 3. Nd2 Nf6 4. e5 Nfd7 5. Bd3 c5 6. c3 Nc6 7. Ne2 cxd4 8. cxd4 f6 9. exf6 Nxf6 10. Nf3 Bd6 11. 0-0 Qc7 12. Bg5 0-0 13. Rc1 Bd7 14. a3 Be8 15. Ng3 Bxg3 16. hxg3 Bh5 17. Qc2 h6 18. Bxf6 gxf6 19. Rfe1 Rae8 20. Bb5 Bxf3 21. gxf3 Qb6 22. Qg6+ Kh8 23. Qxh6+ Kg8 24. Qg6+ Kh8 25. Kg2 1-0

[Event "Politiken Cup 37th"]
[Site "Helsingor"]
[Date "2015.07.26"]
[Round "3"]
[White "Formanek, Edward W"]
[Black "Nordin, Eric"]
[Result "1-0"]
[WhiteElo "2121"]
[BlackElo "1899"]
[PlyCount "79"]
[EventDate "2015.07.25"]
[EventType "swiss"]
[EventRounds "10"]
[EventCountry "DEN"]
[SourceTitle "CBM 167 Extra"]
[Source "ChessBase"]
[SourceDate "2015.09.14"]
[SourceVersion "1"]
[SourceVersionDate "2015.09.14"]
[SourceQuality "1"]

1. e4 d6 2. d4 Nf6 3. Nc3 g6 4. Bg5 c6 5. Qd2 b5 6. f3 a5 7. a4 b4 8. Nd1 Ba6 9. Bxa6 Nxa6 10. Ne2 Bg7 11. 0-0 c5 12. c3 0-0 13. Ne3 Nc7 14. d5 Qd7 15. c4 Rae8 16. b3 h5 17. Rac1 Nh7 18. Bf4 Rd8 19. Rcd1 Ne8 20. h3 Nef6 21. Bh2 Bh6 22. Qd3 Bg7 23. f4 h4 24. e5 Nh5 25. f5 g5 26. Ng4 dxe5 27. Nxe5 Bxe5 28. Bxe5 N7f6 29. Qe3 Nh7 30. Qxc5 N7f6 31. Qe3 Nh7 32. Bb2 N5f6 33. Kh1 Nh5 34. Qf3 N5f6 35. Nd4 Qc7 36. Nc6 g4 37. hxg4 Ng5 38. Qf4 Qxf4 39. Rxf4 Rd7 40. Re1 1-0

[Event "Politiken Cup 37th"]
[Site "Helsingor"]
[Date "2015.07.25"]
[Round "1"]
[White "Kollars, Dmitrij"]
[Black "Nordin, Eric"]
[Result "1-0"]
[WhiteElo "2437"]
[BlackElo "1899"]
[PlyCount "55"]
[EventDate "2015.07.25"]
[EventType "swiss"]
[EventRounds "10"]
[EventCountry "DEN"]
[SourceTitle "CBM 167 Extra"]
[Source "ChessBase"]
[SourceDate "2015.09.14"]
[SourceVersion "1"]
[SourceVersionDate "2015.09.14"]
[SourceQuality "1"]

1. c4 c5 2. g3 Nc6 3. Bg2 Nf6 4. Nc3 g6 5. e4 Bg7 6. Nge2 0-0 7. d3 d6 8. a3 a5 9. 0-0 e5 10. h3 Be6 11. Nd5 Bxd5 12. cxd5 Nd4 13. f4 Qb6 14. Nxd4 cxd4 15. f5 Rac8 16. h4 Qc5 17. Bh3 Rc7 18. Bg5 h6 19. Rc1 Qb6 20. Rxc7 Qxc7 21. Bd2 h5 22. Qa4 Qb6 23. b3 Ra8 24. Bg5 Rf8 25. Bxf6 Bxf6 26. fxg6 fxg6 27. Be6+ Kh8 28. Rxf6 1-0

[Event "Politiken Cup 36th"]
[Site "Helsingor"]
[Date "2014.07.29"]
[Round "10"]
[White "Nordin, Eric"]
[Black "Jensen, Morten Frank"]
[Result "1-0"]
[WhiteElo "1852"]
[BlackElo "2005"]
[PlyCount "53"]
[EventDate "2014.07.21"]
[EventType "swiss"]
[EventRounds "10"]
[EventCountry "DEN"]
[SourceTitle "CBM 161 Extra"]
[Source "ChessBase"]
[SourceDate "2014.08.29"]
[SourceVersion "1"]
[SourceVersionDate "2014.08.29"]
[SourceQuality "1"]

1. e4 g6 2. d4 Bg7 3. c3 d5 4. exd5 Nf6 5. Nf3 Nxd5 6. c4 Nb6 7. Nc3 Bg4 8. Be2 N8d7 9. c5 Nc8 10. Qb3 Bxf3 11. Bxf3 Bxd4 12. c6 bxc6 13. Bxc6 Ncb6 14. Bh6 e6 15. 0-0-0 Qh4 16. Kb1 Rd8 17. Nb5 Qxh6 18. Nxc7+ Ke7 19. Rxd4 Nc5 20. Qb4 Qg5 21. Rc1 Qe5 22. Nb5 Rxd4 23. Nxd4 Kd6 24. Nb3 Qf5+ 25. Ka1 Rc8 26. Rxc5 Nd5 27. Rxd5+ 1-0

[Event "Politiken Cup 36th"]
[Site "Helsingor"]
[Date "2014.07.24"]
[Round "5"]
[White "Nordin, Eric"]
[Black "Zyde, Fadmal"]
[Result "1-0"]
[WhiteElo "1852"]
[BlackElo "1699"]
[PlyCount "47"]
[EventDate "2014.07.21"]
[EventType "swiss"]
[EventRounds "10"]
[EventCountry "DEN"]
[SourceTitle "CBM 161 Extra"]
[Source "ChessBase"]
[SourceDate "2014.08.29"]
[SourceVersion "1"]
[SourceVersionDate "2014.08.29"]
[SourceQuality "1"]

1. e4 e5 2. Nf3 Nc6 3. Bc4 h6 4. c3 Na5 5. Nxe5 Qe7 6. Bxf7+ Kd8 7. d4 d6 8. Bxg8 Rxg8 9. Qa4 dxe5 10. Qxa5 Be6 11. Qxe5 g5 12. d5 Rg6 13. dxe6 Rxe6 14. Qd4+ Ke8 15. Nd2 Rd8 16. Qa4+ c6 17. 0-0 b5 18. Qc2 g4 19. f4 Qc5+ 20. Kh1 Qe3 21. Nb3 Qxe4 22. Qxe4 Rxe4 23. Bd2 Kd7 24. Rae1 1-0

[Event "Politiken Cup 35th"]
[Site "Helsingor"]
[Date "2013.08.02"]
[Round "8"]
[White "Kristensen, Lars Ostergaard"]
[Black "Nordin, Eric"]
[Result "0-1"]
[WhiteElo "1666"]
[BlackElo "1874"]
[PlyCount "64"]
[EventDate "2013.07.27"]
[EventType "swiss"]
[EventRounds "10"]
[EventCountry "DEN"]
[SourceTitle "CBM 155 Extra"]
[Source "ChessBase"]
[SourceDate "2013.08.26"]
[SourceVersion "1"]
[SourceVersionDate "2013.08.26"]
[SourceQuality "1"]

1. d4 d6 2. c4 g6 3. Nc3 Bg7 4. e4 Nd7 5. Nf3 e5 6. Be2 Ne7 7. Be3 0-0 8. Qd2 exd4 9. Bxd4 Ne5 10. Rd1 N7c6 11. Be3 Be6 12. Nd5 Bg4 13. Bg5 f6 14. Bh6 Nxf3+ 15. Bxf3 Bxf3 16. gxf3 Ne5 17. Ke2 Nxc4 18. Qc1 Bxh6 19. Qxh6 Ne5 20. Rhg1 c6 21. Nf4 Qe7 22. Rg3 Rf7 23. Rdg1 Qf8 24. Qh3 Re8 25. Qg2 Qh6 26. Nxg6 Nxg6 27. f4 Rg7 28. Kf1 Qxf4 29. f3 Qc1+ 30. Kf2 Qxb2+ 31. Ke3 Qa3+ 32. Kd4 Qc5+ 0-1

[Event "Politiken Cup 35th"]
[Site "Helsingor"]
[Date "2013.08.01"]
[Round "7"]
[White "Nordin, Eric"]
[Black "Kyrkjebo, Marte Bakken"]
[Result "1/2-1/2"]
[WhiteElo "1874"]
[BlackElo "1641"]
[PlyCount "91"]
[EventDate "2013.07.27"]
[EventType "swiss"]
[EventRounds "10"]
[EventCountry "DEN"]
[SourceTitle "CBM 155 Extra"]
[Source "ChessBase"]
[SourceDate "2013.08.26"]
[SourceVersion "1"]
[SourceVersionDate "2013.08.26"]
[SourceQuality "1"]

1. e4 e5 2. Nf3 Nc6 3. c3 d5 4. Qa4 f6 5. exd5 Qxd5 6. d4 Bd7 7. Qc4 Qxc4 8. Bxc4 exd4 9. cxd4 Bd6 10. Nc3 0-0-0 11. 0-0 Nge7 12. Nb5 Bb4 13. Bf4 Ba5 14. d5 Ne5 15. d6 N7g6 16. Nxa7+ Kb8 17. Bxe5 Nxe5 18. Nxe5 fxe5 19. dxc7+ Bxc7 20. Nb5 Bxb5 21. Bxb5 Rd2 22. b3 Bb6 23. Rae1 Rxa2 24. Rxe5 Rf8 25. Re8+ Rxe8 26. Bxe8 Rb2 27. Bf7 Bc5 28. g4 h6 29. Kg2 Kc7 30. h4 Be7 31. Kh3 Rc2 32. Be6 Rc3+ 33. f3 Bd6 34. Rf2 Rc1 35. Kg2 Be7 36. h5 b6 37. Rd2 Bf6 38. Kf2 Rc5 39. Rd3 Bh4+ 40. Ke2 Re5+ 41. Re3 Rxe3+ 42. Kxe3 Kd6 43. Bc4 Ke5 44. f4+ Kf6 45. Ke4 Bf2 46. Bf1 1/2-1/2

[Event "Politiken Cup 35th"]
[Site "Helsingor"]
[Date "2013.07.31"]
[Round "6"]
[White "Merkesvik, Frode"]
[Black "Nordin, Eric"]
[Result "1/2-1/2"]
[WhiteElo "1611"]
[BlackElo "1874"]
[PlyCount "50"]
[EventDate "2013.07.27"]
[EventType "swiss"]
[EventRounds "10"]
[EventCountry "DEN"]
[SourceTitle "CBM 155 Extra"]
[Source "ChessBase"]
[SourceDate "2013.08.26"]
[SourceVersion "1"]
[SourceVersionDate "2013.08.26"]
[SourceQuality "1"]

1. Nf3 d6 2. d4 g6 3. c4 Bg7 4. Nc3 Nd7 5. e4 e5 6. dxe5 Nxe5 7. Nxe5 Bxe5 8. Qc2 Bg7 9. b3 Nf6 10. Bb2 0-0 11. Be2 Re8 12. Bf3 Nxe4 13. Bxe4 f5 14. 0-0 fxe4 15. Nd5 Be5 16. Bxe5 Rxe5 17. f4 exf3 18. Rxf3 Bf5 19. Qd2 c6 20. Ne3 Qb6 21. Kh1 Rae8 22. Nxf5 Rxf5 23. Rxf5 gxf5 24. Qg5+ Kh8 25. Qf6+ Kg8 1/2-1/2

[Event "Politiken Cup 35th"]
[Site "Helsingor"]
[Date "2013.07.30"]
[Round "5"]
[White "Nordin, Eric"]
[Black "Alquist, Erik"]
[Result "0-1"]
[WhiteElo "1874"]
[BlackElo "2053"]
[PlyCount "64"]
[EventDate "2013.07.27"]
[EventType "swiss"]
[EventRounds "10"]
[EventCountry "DEN"]
[SourceTitle "CBM 155 Extra"]
[Source "ChessBase"]
[SourceDate "2013.08.26"]
[SourceVersion "1"]
[SourceVersionDate "2013.08.26"]
[SourceQuality "1"]

1. e4 c5 2. Nc3 Nc6 3. f4 e6 4. Nf3 d5 5. Bb5 Nge7 6. 0-0 a6 7. Bxc6+ Nxc6 8. e5 Be7 9. d3 0-0 10. Qe1 b5 11. Qg3 f5 12. b3 d4 13. Nd1 Nb4 14. Rf2 Nd5 15. Bd2 Bb7 16. Qh3 Qd7 17. g4 Rac8 18. g5 c4 19. g6 hxg6 20. Rg2 Qe8 21. Ng5 Bxg5 22. Rxg5 Ne7 23. Bb4 cxb3 24. cxb3 Kf7 25. Qg3 Rc2 26. Nf2 Qc6 27. Rd1 Rc1 28. Rf1 Rc8 29. Ba3 Rxf1+ 30. Kxf1 Qc3 31. Nd1 Qd2 32. Nf2 Nd5 0-1

[Event "Politiken Cup 34th"]
[Site "Helsingor"]
[Date "2012.08.02"]
[Round "7"]
[White "Ananthan, Arunn"]
[Black "Nordin, Eric"]
[Result "1-0"]
[WhiteElo "1696"]
[BlackElo "1906"]
[PlyCount "61"]
[EventDate "2012.07.28"]
[EventType "swiss"]
[EventRounds "10"]
[EventCountry "DEN"]
[SourceTitle "CBM 149 Extra"]
[Source "ChessBase"]
[SourceDate "2012.08.24"]
[SourceVersion "1"]
[SourceVersionDate "2012.08.24"]
[SourceQuality "1"]

1. e4 d6 2. d4 Nf6 3. Nc3 g6 4. g3 Bg4 5. Be2 Bxe2 6. Qxe2 Bg7 7. Be3 Nbd7 8. Nf3 0-0 9. 0-0 Ng4 10. Bf4 e5 11. dxe5 Ngxe5 12. Nxe5 Nxe5 13. Rad1 g5 14. Be3 g4 15. f4 gxf3 16. Qf2 Qd7 17. Bd4 Ng4 18. Qxf3 Rae8 19. Bxg7 Kxg7 20. Rde1 c6 21. Ne2 f5 22. exf5 Ne3 23. Rf2 Rxf5 24. Nf4 Rfe5 25. Nh5+ Kg6 26. Nf6 Qh3 27. Nxe8 Ng4 28. Qf7+ Kg5 29. Qg7+ Kh5 30. Rxe5+ Nxe5 31. Nf6# 1-0

[Event "Politiken Cup 34th"]
[Site "Helsingor"]
[Date "2012.07.31"]
[Round "5"]
[White "Elenius, Erik"]
[Black "Nordin, Eric"]
[Result "1/2-1/2"]
[WhiteElo "2069"]
[BlackElo "1906"]
[PlyCount "22"]
[EventDate "2012.07.28"]
[EventType "swiss"]
[EventRounds "10"]
[EventCountry "DEN"]
[SourceTitle "CBM 149 Extra"]
[Source "ChessBase"]
[SourceDate "2012.08.24"]
[SourceVersion "1"]
[SourceVersionDate "2012.08.24"]
[SourceQuality "1"]

1. e4 d6 2. d4 Nf6 3. Nc3 g6 4. Nf3 Bg7 5. Be2 Bg4 6. Be3 0-0 7. 0-0 Nc6 8. h3 Bxf3 9. Bxf3 e5 10. dxe5 dxe5 11. Ne2 Qxd1 1/2-1/2

[Event "Politiken Cup 33rd"]
[Site "Helsingor"]
[Date "2011.07.30"]
[Round "1"]
[White "Petersen, Tom Petri"]
[Black "Nordin, Eric"]
[Result "1-0"]
[WhiteElo "2324"]
[BlackElo "1876"]
[PlyCount "47"]
[EventDate "2011.07.30"]
[EventType "swiss"]
[EventRounds "10"]
[EventCountry "DEN"]
[SourceTitle "CBM 143 Extra"]
[Source "ChessBase"]
[SourceDate "2011.08.29"]
[SourceVersion "1"]
[SourceVersionDate "2011.08.29"]
[SourceQuality "1"]

1. Nf3 g6 2. c4 c5 3. g3 Bg7 4. Bg2 Nc6 5. 0-0 Nf6 6. Nc3 0-0 7. a3 e6 8. Qc2 d5 9. d3 d4 10. Na4 Qe7 11. Rb1 Bd7 12. Bd2 a5 13. Qb3 e5 14. Ng5 h6 15. Ne4 Nxe4 16. Bxe4 f5 17. Bd5+ Kh8 18. Qb6 e4 19. Qxc5 Qf6 20. Nb6 Rad8 21. Nxd7 Rxd7 22. dxe4 Ne5 23. f4 Ng4 24. e5 1-0